000 00368nam a2200145Ia 4500
008 230711s9999||||xx |||||||||||||| ||und||
041 _aENG
082 _a677
_bSE-W
100 _aSengupta,R
245 0 _aWeaving calculations
250 _a1st . Ed.
260 _c1996
_aNew Delhi
_bD. B. Taraporevala Sons & Co. Pvt.Ltd
650 _aTextile Engineering
942 _cBK
999 _c3268
_d3268